Vista normal
Vista MARC
Entrada Materia (tema)
Número de registros utilizados en: 1
001 - CONTROL NUMBER
- control field: 55536
003 - CONTROL NUMBER IDENTIFIER
- control field: Co-BoUCM
005 - DATE AND TIME OF LATEST TRANSACTION
- control field: 20140211164746.0
008 - FIXED-LENGTH DATA ELEMENTS
- fixed length control field: 140211|| aca||aabn | a|a d
040 ## - CATALOGING SOURCE
- Original cataloging agency: Co-BoUCM
- Transcribing agency: Co-BoUCM
150 ## - HEADING--TOPICAL TERM
- Topical term or geographic name as entry element: Democracy
- Geographic subdivision: Korea (South)
670 ## - SOURCE DATA FOUND
- Source citation: Work cat.: (Co-BoUCM)184375: Lee, Yoonkyung, 1965- author. 55532, Militants or partisans :, [2011]